000 00969nam a2200241 a 4500
003 OSt
005 20131008151742.0
008 131008s1995 ag ||||| |||| 00| 0 spa d
020 _a950-658-039-1
040 _cBiblioteca Medicina
041 _aspa
082 _bMINIST. DE SALUD 0406
100 1 _aOtero, Hernan Gustavo
_92684
245 0 0 _aTablas de Mortalidad de la Provincia de Buenos Aires (1980-1982). Partidos y Zonas Sanitarias
250 _a1ยบ ed.
260 _aBuenos Aires
_bUniversidad del Centro de la Provincia de Buenos Aires;
_bFacultad de Ciencias Humanas;
_bPrograma de Procesamiento de Informacion y Estudios de Poblacion
_c1995
300 _a319 p.
653 _aMORTALIDAD-BUENOS AIRES-1980/1982
653 _aESTADISTICAS- BUENOS AIRES-1980/1982
700 1 _aVelasquez, Gulliermo Angel
_92685
942 _2ddc
_cPH
999 _c1768
_d1768
952 _40
_00
_bBFM
_10
_oMINIST. DE SALUD 0406
_d2013-10-08
_tEj. 1
_8NFIC
_70
_cCR
_2ddc
_yPH
_aBFM